Normal view
MARC view
Entry Topical Term
001 - CONTROL NUMBER
- control field: 24381
003 - CONTROL NUMBER IDENTIFIER
- control field: ARRUPE
005 - DATE AND TIME OF LATEST TRANSACTION
- control field: 20160516122038.0
008 - FIXED-LENGTH DATA ELEMENTS
- fixed length control field: 160516|| aca||aabn | a|a d
040 ## - CATALOGING SOURCE
- Original cataloging agency: ARRUPE
- Transcribing agency: ARRUPE
150 ## - HEADING--TOPICAL TERM
- Topical term or geographic name as entry element:
- Topical term following geographic name as entry element: Christian life--1960 -
670 ## - SOURCE DATA FOUND
- Source citation: Work cat.: (ARRUPE)4938: Maritain, Jacques 24379, The degrees of knowledge